1388 1446 1666 1128 1185 1430 1103 1551 1419 1645 1669 1498 1954 1303 1058 1287 1209 1286 1030 1620 1606 1383 1660 1755 1756 1188 1631 1891 1196 1631 1108 1701 1652 1193 1401 1898 1863 1717 1214 1601 1872 1396 1475 1087 1480 1926 1637 1906 1613 1970 1913 1021 1147 1298 1209 1333 1689 1584 1015 1836 1389 1083 1387 1313 1088 1014 1150 1776 1773 1661 1974 1063 1723 1827 1318 1233 1423 1732 1306 1812 1328 1395 1862 1776 1245 1617 1430 1881 1327 1891 1369 1351 1440 1604 1128 1140 1241 1935 1707 BCNSPRNW ULIB Ver.6.0+V

เปลี่ยนเป็นภาษาไทย

Change to English
 แสดงรายละเอียดบรรณานุกรม
  กลับหน้าหลัก

Brief Record : Get Marc (ISO 2709) : E-mail record : QR code < ปิดหน้าต่าง
LEADER : 00000nam 2200000uu 4500
001    13399126802
003     ULIB
008    190306s2561||||th 000 0 tha d
020    ^a9786164559059
050    ^aนว^bม145ด
100    ^aมนต์ภวัน
245    ^aดวงใจเหมรัฐ/^cมนต์ภวัน
260    ^aกรุงเทพฯ :^bกัญณศมนต์ กะมุทา,^c2561
300    ^a479 หน้า;^b25 ซม.
650    ^aนวนิยาย
945    ^p0^l0^i27297
999    ^aกัณชพร จุลอักษร
รายการนี้ยังไม่มีแท็ก
คุณยังไม่ได้ล็อกอิน คุณสามารถมีกิจกรรมร่วมกับเว็บไซต์ได้ แต่ต้องล็อกอินก่อน ::
  ล็อกอิน

รายการสื่อสารสนเทศ

ลำดับที่ ประเภท เลขเรียก/บาร์โค้ด สถานที่ สถานะ
1. วิทยาศาสตร์การแพทย์ และสุขภาพ
วิทยาศาสตร์การแพทย์ และสุขภาพ
นว ม145ด ฉ.1 
  Barcode: 27297
ห้องสมุดวิทยาเขตสวรรค์ประชารักษ์
►นวนิยาย
บนชั้น
  ขอยืม

รายการใกล้เคียง
    ผู้แต่ง [มนต์ภวัน]

    หัวเรื่อง [นวนิยาย]

BibComment


ยังไม่เคยถูกคอมเมนท์

คอมเมนท์ทรัพยากรรายการนี้
  คอมเมนท์: ดวงใจเหมรัฐ มนต์..


 Copyright 2026. Bcnsprnw @Library